Engineering Mathematics (Record no. 805)

MARC details
005 - DATE AND TIME OF LATEST TRANSACTION
control field 20250627095728.0
020 ## - INTERNATIONAL STANDARD BOOK NUMBER
International Standard Book Number 978-0-230-57364-3
082 ## - DEWEY DECIMAL CLASSIFICATION NUMBER
Classification number LM 510.246 STR
100 ## - MAIN ENTRY--PERSONAL NAME
Author name STROUD, K. J.
245 ## - TITLE STATEMENT
Title Engineering Mathematics
250 ## - EDITION STATEMENT
Edition statement 6th Ed.
260 ## - PUBLICATION, DISTRIBUTION, ETC.
Place of publication, distribution, etc. Hampshire,
Name of publisher, distributor, etc. Palgrave Macmillan,
Date of publication, distribution, etc. 2007.
300 ## - PHYSICAL DESCRIPTION
Extent xxx,1258p.: ill.; table
Other physical details Index
Dimensions 26cm.
700 ## - ADDED ENTRY--PERSONAL NAME
Other authors/Editors BOOTH, D. J.
856 ## - ELECTRONIC LOCATION AND ACCESS
Link text Access Book Online
Electronic name Engineering Mathematics
Path www.palgrave.com
942 ## - ADDED ENTRY ELEMENTS (KOHA)
Source of classification or shelving scheme Dewey Decimal Classification
Koha item type Books
Holdings
Date last seen Total checkouts Full call number Barcode Cost, replacement price Price effective from Koha item type Lost status Source of classification or shelving scheme Damaged status Not for loan Withdrawn status Home library Current library Shelving location Date acquired Cost, normal purchase price
03/17/2025   LM 510.246 STR 0000001525 150000.00 03/17/2025 Books   Dewey Decimal Classification       College of Business Education Main Library College of Business Education Main Library General Collection 03/17/2025 50000.00
03/17/2025   LM 510.246 STR 0000001526 150000.00 03/17/2025 Books   Dewey Decimal Classification       College of Business Education Main Library College of Business Education Main Library General Collection 03/17/2025 50000.00